[Event "GER Cup Net V3 U1600"]
[Site "Playchess.com INT"]
[Date "2020.05.27"]
[Round "6"]
[White "Hausmann, Heiko"]
[Black "Watermann, Bernd"]
[Result "1/2-1/2"]
[WhiteElo "1533"]
[BlackElo "1599"]
[PlyCount "112"]
[EventDate "2020.05.27"]
[EventType "swiss (blitz)"]
[EventRounds "9"]
[EventCountry "GER"]
[SourceTitle "EXT 2021"]
[Source "ChessBase"]
[SourceDate "2020.10.23"]
[SourceVersion "1"]
[SourceVersionDate "2020.10.23"]
[SourceQuality "1"]

1. e4 e6 2. Nf3 d5 3. exd5 exd5 4. d4 Bd6 5. Nbd2 Bf5 6. c3 Ne7 7. Be2 0-0 8. 0-0 f6 9. Re1 Ng6 10. Nf1 Nd7 11. h3 Re8 12. Bd2 c6 13. Nh4 Nxh4 14. Ng3 Bxg3 15. fxg3 Ng6 16. Bf3 Ndf8 17. Qb3 Qd7 18. g4 Be4 19. Bxe4 Kh8 20. Bf3 Rxe1+ 21. Rxe1 Ne6 22. Qd1 Re8 23. Qe2 Kg8 24. Qf2 Nef4 25. Rxe8+ Qxe8 26. Qe3 Qxe3+ 27. Bxe3 Ne6 28. Bf2 Kf7 29. h4 Ngf4 30. Bg3 Nd3 31. b4 Nef4 32. Kh2 g5 33. a4 a6 34. Kg1 h6 35. Kf1 Nc1 36. Bxf4 gxf4 37. Bd1 Na2 38. Kf2 Nxc3 39. Bc2 Ke6 40. Kf3 Ne4 41. Bxe4 dxe4+ 42. Kxf4 Kd5 43. g3 Kxd4 44. h5 e3 45. Kf3 Kd3 46. g5 e2 47. Kf2 Kd4 48. gxf6 Kd3 49. f7 Kd2 50. f8Q e1Q+ 51. Kg2 Qe2+ 52. Kh3 Qxh5+ 53. Kg2 Qe2+ 54. Kh3 Qh5+ 55. Kg2 Qe2+ 56. Kh3 Qh5+ 1/2-1/2

[Event "GER Cup Net V3 U1600"]
[Site "Playchess.com INT"]
[Date "2020.05.27"]
[Round "4"]
[White "Smith, Tobias"]
[Black "Watermann, Bernd"]
[Result "0-1"]
[WhiteElo "1522"]
[BlackElo "1599"]
[PlyCount "131"]
[EventDate "2020.05.27"]
[EventType "swiss (blitz)"]
[EventRounds "9"]
[EventCountry "GER"]
[SourceTitle "EXT 2021"]
[Source "ChessBase"]
[SourceDate "2020.10.23"]
[SourceVersion "1"]
[SourceVersionDate "2020.10.23"]
[SourceQuality "1"]

1. e4 e6 2. d4 d5 3. exd5 exd5 4. Bd3 Bd6 5. Nf3 Ne7 6. 0-0 Bf5 7. Re1 Bxd3 8. Qxd3 0-0 9. Bg5 f6 10. Bh4 Ng6 11. Bg3 Bxg3 12. hxg3 c6 13. b3 Nd7 14. c4 Nb6 15. Na3 Qd7 16. Re2 Rfe8 17. Rae1 Rxe2 18. Rxe2 Re8 19. Rxe8+ Qxe8 20. Qe3 Qxe3 21. fxe3 dxc4 22. bxc4 Kf7 23. Kf2 Ke6 24. g4 Ne7 25. g5 f5 26. Ne5 Nd7 27. Nxd7 Kxd7 28. Kf3 g6 29. g4 fxg4+ 30. Kxg4 Nf5 31. Kf4 Ke6 32. c5 Kd5 33. e4+ Kxd4 34. exf5 gxf5 35. Kxf5 Kxc5 36. Ke4 Kb4 37. Nc2+ Kc3 38. Ne1 b5 39. Nf3 c5 40. Ne5 c4 41. Nc6 a6 42. Na5 b4 43. Kd5 b3 44. axb3 cxb3 45. Nxb3 Kxb3 46. Kc5 Ka4 47. Kd6 Kb3 48. Ke6 a5 49. Kf6 a4 50. Kg7 a3 51. Kxh7 a2 52. g6 a1Q 53. g7 Qh1+ 54. Kg8 Kc4 55. Kf8 Qf3+ 56. Ke7 Qe4+ 57. Kf8 Qf5+ 58. Ke7 Qg6 59. Kf8 Qf6+ 60. Kg8 Kd5 61. Kh8 Qh6+ 62. Kg8 Ke6 63. Kf8 Qf6+ 64. Kg8 Qd8+ 65. Kh7 Kf7 66. g8Q+ 0-1

[Event "GER Cup Net V3 U1600"]
[Site "Playchess.com INT"]
[Date "2020.05.27"]
[Round "1"]
[White "Watermann, Bernd"]
[Black "Kauschanski, Nicolas"]
[Result "0-1"]
[WhiteElo "1599"]
[BlackElo "1360"]
[PlyCount "78"]
[EventDate "2020.05.27"]
[EventType "swiss (blitz)"]
[EventRounds "9"]
[EventCountry "GER"]
[SourceTitle "EXT 2021"]
[Source "ChessBase"]
[SourceDate "2020.10.23"]
[SourceVersion "1"]
[SourceVersionDate "2020.10.23"]
[SourceQuality "1"]

1. d4 Nf6 2. e3 g6 3. f4 d5 4. Nf3 Bg7 5. Bd3 b6 6. c3 Bb7 7. 0-0 c5 8. Bd2 Nc6 9. Be1 0-0 10. Nbd2 e6 11. Ne5 c4 12. Bc2 Qd6 13. Bh4 Qe7 14. Ndf3 Rfd8 15. Nxc6 Bxc6 16. Ne5 Bb7 17. Bxf6 Bxf6 18. g4 Bg7 19. Qf3 Qh4 20. Qg3 Qxg3+ 21. hxg3 Rd6 22. f5 Rf8 23. f6 Bh6 24. Rf3 Bg5 25. Kg2 Bh6 26. Rh1 Bg5 27. a3 Rc8 28. Kf2 Bc6 29. Ke2 a6 30. Rf2 b5 31. Rfh2 h6 32. Nf3 Bxf6 33. Rxh6 Bg7 34. Rh7 Re8 35. Ng5 Bf6 36. Rxf7 Bxg5 37. Rhh7 Rd7 38. Bxg6 Rxf7 39. Rxf7 Rf8 0-1

[Event "GER Cup Net V2 U1600"]
[Site "Playchess.com INT"]
[Date "2020.05.22"]
[Round "7"]
[White "Watermann, Bernd"]
[Black "Hausmann, Ulrich"]
[Result "1-0"]
[WhiteElo "1568"]
[BlackElo "1601"]
[PlyCount "69"]
[EventDate "2020.05.22"]
[EventType "swiss (blitz)"]
[EventRounds "9"]
[EventCountry "GER"]
[SourceTitle "EXT 2021"]
[Source "ChessBase"]
[SourceDate "2020.10.23"]
[SourceVersion "1"]
[SourceVersionDate "2020.10.23"]
[SourceQuality "1"]

1. d4 d6 2. f4 e6 3. Nf3 Nc6 4. e3 Nf6 5. Bd3 Nb4 6. c3 Nxd3+ 7. Qxd3 Bd7 8. Bd2 Be7 9. 0-0 h6 10. Be1 Ng4 11. h3 Nf6 12. Nbd2 c6 13. Bh4 Nh5 14. Bxe7 Qxe7 15. g4 Nf6 16. Kh2 Nh7 17. Ne4 d5 18. Ng3 f5 19. gxf5 exf5 20. Ne5 Qf6 21. Rg1 Be6 22. Nh5 Qh4 23. Nxg7+ Kd8 24. Nxe6+ Ke7 25. Qxf5 Ng5 26. Ng6+ Kd7 27. Nxh4 Nf3+ 28. Kh1 Nxh4 29. Qf7+ Kd6 30. Qf6 Nf3 31. Ng7+ Kc7 32. Qe7+ Kb6 33. Ne6 Nxg1 34. Qc5+ Ka6 35. Nc7# 1-0

[Event "GER Cup Net V1 U1600"]
[Site "Playchess.com INT"]
[Date "2020.05.19"]
[Round "9"]
[White "Watermann, Bernd"]
[Black "Dorendorf, Mika"]
[Result "1-0"]
[WhiteElo "1505"]
[BlackElo "1613"]
[PlyCount "93"]
[EventDate "2020.05.19"]
[EventType "swiss (blitz)"]
[EventRounds "9"]
[EventCountry "GER"]
[SourceTitle "EXT 2021"]
[Source "ChessBase"]
[SourceDate "2020.10.23"]
[SourceVersion "1"]
[SourceVersionDate "2020.10.23"]
[SourceQuality "1"]

1. d4 Nf6 2. e3 d5 3. f4 e6 4. Nf3 c5 5. c3 Nc6 6. Bd3 cxd4 7. exd4 Bd7 8. 0-0 Bd6 9. Be3 0-0 10. Ne5 h6 11. Nd2 Bxe5 12. fxe5 Ne8 13. Qg4 Kh8 14. Nf3 f5 15. exf6 Nxf6 16. Qg3 Qb8 17. Ne5 Nxe5 18. dxe5 Nh5 19. Qg6 Rxf1+ 20. Rxf1 Qg8 21. Qxh5 Be8 22. Qg4 Bf7 23. Bg6 Rf8 24. Bxf7 Rxf7 25. Rxf7 Qxf7 26. Qf4 Qe8 27. Bxa7 Qh5 28. g4 Qh4 29. Bf2 Qd8 30. Qb4 Qa8 31. a4 Qc8 32. Bd4 Kh7 33. Qc5 Qd7 34. a5 Qf7 35. Kg2 Qf4 36. h3 Qd2+ 37. Bf2 Qxb2 38. Qb4 Qc2 39. Qxb7 Qe4+ 40. Kf1 Qd3+ 41. Kg1 Qd1+ 42. Kg2 Qd3 43. Qf7 Qe4+ 44. Qf3 Qc2 45. a6 Qd2 46. a7 Qa2 47. Qd3+ 1-0

[Event "GER Cup Net V1 U1600"]
[Site "Playchess.com INT"]
[Date "2020.05.19"]
[Round "5"]
[White "Watermann, Bernd"]
[Black "Hausmann, Ulrich"]
[Result "1-0"]
[WhiteElo "1478"]
[BlackElo "1520"]
[PlyCount "127"]
[EventDate "2020.05.19"]
[EventType "swiss (blitz)"]
[EventRounds "9"]
[EventCountry "GER"]
[SourceTitle "EXT 2021"]
[Source "ChessBase"]
[SourceDate "2020.10.23"]
[SourceVersion "1"]
[SourceVersionDate "2020.10.23"]
[SourceQuality "1"]

1. d4 d6 2. e4 e6 3. f4 Bd7 4. Nf3 Be7 5. Bd3 Bh4+ 6. g3 Be7 7. 0-0 Nc6 8. c3 Nf6 9. e5 Ng4 10. exd6 cxd6 11. Ng5 Nh6 12. Nf3 Qb6 13. Na3 e5 14. Nc4 Qc7 15. fxe5 dxe5 16. Bxh6 gxh6 17. Ncxe5 Nxe5 18. Nxe5 f6 19. Qh5+ Kd8 20. Nf7+ Kc8 21. Nxh8 b6 22. Be4 Bc6 23. Bxc6 Qxc6 24. Nf7 Qe6 25. Nxh6 Qe3+ 26. Kg2 Qd2+ 27. Rf2 Qe3 28. Qf3 Qxf3+ 29. Kxf3 Kd7 30. Nf5 Bf8 31. Re1 Rc8 32. Rfe2 b5 33. Ng7 Kc6 34. Ne6 Bh6 35. Nf4 Kb6 36. Re6+ Ka5 37. Rxf6 Bg5 38. Rf5 Bd8 39. Re8 Ka4 40. Rff8 b4 41. Rxd8 Rc7 42. cxb4 Kxb4 43. Rb8+ Ka5 44. Rfc8 Rd7 45. Ke3 Re7+ 46. Kd3 Rf7 47. a3 Rf5 48. Rc7 Ka6 49. b4 h5 50. Rc5 Rf7 51. b5+ Ka5 52. Ra8 Kb6 53. a4 h4 54. Nd5+ Ka5 55. Nc3 Kb4 56. Nd5+ Kxa4 57. Rc7 Rf3+ 58. Kc4 Ka3 59. Raxa7+ Kb2 60. b6 h3 61. b7 Rf2 62. b8Q+ Kc2 63. Ra2+ Kd1 64. Qb1# 1-0

[Event "GER-ch Net Amateur Gr-B Vor1"]
[Site "Playchess.com INT"]
[Date "2020.04.14"]
[Round "3"]
[White "Fruth, David"]
[Black "Watermann, Bernd"]
[Result "1-0"]
[WhiteElo "1680"]
[BlackElo "1541"]
[PlyCount "107"]
[EventDate "2020.04.14"]
[EventType "swiss (blitz)"]
[EventRounds "9"]
[EventCountry "GER"]
[SourceTitle "EXT 2021"]
[Source "ChessBase"]
[SourceDate "2020.10.23"]
[SourceVersion "1"]
[SourceVersionDate "2020.10.23"]
[SourceQuality "1"]

1. e4 e6 2. d4 d5 3. Nd2 dxe4 4. Nxe4 Nd7 5. Nf3 Ngf6 6. Nc3 Be7 7. Bd3 h6 8. 0-0 0-0 9. Bf4 c6 10. Qd2 Nh5 11. Bxh6 gxh6 12. Qxh6 Ndf6 13. Ng5 Qa5 14. Bh7+ Kh8 15. Bg6+ Kg8 16. Bxh5 Qf5 17. Bf3 Qg6 18. Qxg6+ fxg6 19. Nce4 Kg7 20. Nxf6 Bxf6 21. Ne4 Bxd4 22. c3 Bb6 23. Rad1 Rd8 24. Rxd8 Bxd8 25. Rd1 Be7 26. Nd6 b6 27. Bxc6 Rb8 28. Nxc8 Rxc8 29. Bd7 Rc5 30. Bxe6 Kf6 31. Bb3 a5 32. Rd5 Rc7 33. Ba4 Rc4 34. Rd4 Rc5 35. Kf1 Re5 36. Bb3 Bc5 37. Rf4+ Kg5 38. Rf3 Re7 39. g3 Rd7 40. Rf7 Rd2 41. f4+ Kh6 42. g4 g5 43. f5 Rxb2 44. Rf6+ Kg7 45. Rg6+ Kf8 46. Rxg5 Rb1+ 47. Ke2 Rb2+ 48. Kd3 Rxh2 49. Rg6 Rh3+ 50. Kc4 Re3 51. Kb5 Re5 52. f6 Bb4+ 53. Ka6 Bxc3 54. Rg8# 1-0